000 00944nam a2200301 a 4500
001 BRCA_350
005 20190320202954.0
008 780606t19781966ja a b 001 0 eng
020 _a0870113356 (v. 1)
020 _a0870113364 (v. 2)
040 _aDLC
_cDLC
_dDLC
041 _aengjpn
050 4 _aN7353.4
_b.N66 1978
100 1 _aNoma, Seiroku
_91164
245 1 0 _aThe arts of Japan
_cSeiroku Noma ; translated and adapted by John Rosenfield ; photos by Takahashi Bin.
260 _aNueva York
_bKodansha International
_c1978
300 _a2 v.
_bil. (algunas a color)
_c27 cm.
500 _aTraducción de: Nihon Bijutsu
500 _aDonación Fundación Japón
504 _aBibliografía: p. 309-311.
650 1 4 _aArte japonés
_ySiglo XVI
_91165
650 1 4 _aArte
_zJapón
_91166
700 1 _aTakahashi, Bin
_91167
700 1 _aRosenfield, Jhon.
_91168
700 1 _aWebb, Glenn T.
_91169
902 _aDFJ
942 _2lcc
_cB
999 _c287
_d287